LDR 00684naa#a2200181#i#450# 001 EN\\bibl\118688 005 20260514042030.4 011 ## _a1994-4683 100 ## _a20230428b2023####ek#y0engy0150####ca 102 ## _aRU 200 1# _aDEMAND FOR THE PARTICIPATION OF RUSSIAN JUDOKAS IN PROFESSIONAL SPORTS COMPETITIONS _eJournal article 210 1# _aMoscow _cNational State University of Physical Education, Sports and Health named after P.F. Lesgaft _d2023 215 ## _a3 с. 608 ## _aJournal article _2local 675 ## _aОдин против другого. Одиночки. Например,. 796.082.1 _z 700 #1 _aEregina _gS V 700 #1 _aTarasenko _gK N 856 4# _auchzapiski.lesgaft.spb.ru _u